「ウマ娘 プリティーダービー」の歴代OP&ED - Statistics

General Stats
  • This quiz has been taken 27 times
  • The average score is 11 of 34
Answer Stats
作品 話数 種類 曲名 % Correct
アニメ「ウマ娘プリティーダービー」 2 2~13 OP ユメヲカケル!
77%
アニメ「ウマ娘プリティーダービー」 1 OP Make Debut!!
77%
アニメ「ウマ娘プリティーダービー」 1 13 ED うまぴょい伝説
73%
アニメ「ウマ娘プリティーダービー」 2 13 ED うまぴょい伝説
73%
アニメ「ウマ娘プリティーダービー」 3 2~13 OP ソシテミンナノ
73%
アニメ「ウマ娘プリティーダービー」 3 13 ED うまぴょい伝説
73%
「ウマ娘プリティーダービー ROAD TO THE TOP」 4 ED うまぴょい伝説
73%
「ウマ娘プリティーダービー 新時代の扉」 ED うまぴょい伝説
73%
「うまゆる」 24 ED うまぴょい伝説
73%
アニメ「ウマ娘プリティーダービー」 2 7 ED ささやかな祈り
59%
アニメ「ウマ娘プリティーダービー」 2 2~6,8,9,11,12 ED 木漏れ日のエール
50%
「うまよん」 1~4 ED ぴょいっと♪はれるや!
45%
「ウマ娘プリティーダービー ROAD TO THE TOP」 1~4 OP Glorious Moment!
45%
「ウマ娘プリティーダービー 新時代の扉」 OP Ready!! Steady!! Derby!!
45%
アニメ「ウマ娘プリティーダービー」 1 1~4,6,8~11 ED グロウアップ・シャイン!
36%
アニメ「ウマ娘プリティーダービー」 3 3~5,7,8,10,11 ED アコガレ Challenge Dash!!
32%
アニメ「ウマ娘プリティーダービー」 3 1 ED ロストシャイン
18%
「うまよん」 5~8 ED 逃げ切りっ!Fallin' Love
14%
「うまゆる」 1~4 ED ゆるパカHAPPY DAYS!
14%
アニメ「ウマ娘プリティーダービー」 1 7 ED Silent Star
14%
アニメ「ウマ娘プリティーダービー」 1 5 ED ありがとう、神様
9%
「うまゆる」 9~12 ED Dance 2 Endless Beat
9%
アニメ「ウマ娘プリティーダービー」 1 14~16 ED Enjoy and Join
9%
「うまよん」 9~12 ED Ring Ring ダイアリー
9%
アニメ「ウマ娘プリティーダービー」 2 10 ED 願いのカタチ
5%
アニメ「ウマ娘プリティーダービー」 3 6 ED 夢のこたえ
5%
アニメ「ウマ娘プリティーダービー」 3 12 ED 光の後ろ姿
5%
「うまゆる」 5~8 ED ミッドナイト・エピローグ
5%
「うまゆる」 21~23 ED 永遠の色彩
5%
アニメ「ウマ娘プリティーダービー」 1 12 ED Find My Only Way
5%
「うまゆる」 13~16 ED # ウマRAP
5%
アニメ「ウマ娘プリティーダービー」 3 2 ED 空のほほえみ方
0%
アニメ「ウマ娘プリティーダービー」 3 9 ED Ambitious World
0%
「うまゆる」 17~20 ED Bright Memory
0%
No matching quizzes found
Score Distribution
Percent of People with Each Score
Percentile by Number Answered
Your Score History
You have not taken this quiz